Legendary CS:GO moments - Statistics

General Stats
  • This quiz has been taken 258 times
  • The average score is 7 of 17
Answer Stats
Hint Answer % Correct
" * are you serious? What is that? It's not allowed, this is not FPL, this is a Major! (...) It was the noscope!" s1mple
94%
"Oh oh oh what? The jumping double for *! What is going on right now? How does he do this?" Coldzera
87%
"And well that's what happens when you go around the corner, * with one deag" Happy
76%
"The defuse is coming, he's stil going, oh *! Just about gets it, and look at the little dance of happines!" olofmeister
71%
"This is so smart, this is huge, * throwed nade to the corner, just is the bomb gonna go up!" Dosia
65%
" * does find one, oh no, let's not leave him out of this. The big apple and * is hungry, he's got one kill already on the USP." Snax
64%
"And look at the guns, 4 AWP's * their ready to shoot some dogs as they cross the middle is gonna be challenge apEX, not in this lifetime Fnatic
55%
"Nitro does have a molotov and smoke so it could be really rough or simple to get trough this, he's got threw the AWP and oh my god, * what is happening? What even is that?" s1mple
41%
"And now it's all on Guardian, we try and hold AWP, he gets the shot on the apEX,is he gonna try go huge here, * is on site straight in his face, doesn't in the noscope, doesn't in the pistol!" KennyS
38%
"It's now 4v4, JW still alive kenny gets a kill on krimz flusha on a back lines he's out of ammo and knife up, what's happening flusha? He's getting stabbed!" NBK
33%
" * just gonna charge him down,is it miss quite a few pistol shots, KennyS he picked up a kill, * should not but Kenny gets a second, KennyS cluchtes the round! Oh my lore that should not happen!" karrigan
32%
"Oh my god! * you're gonna be kidding me, gets a last killin, one second left." Get RiGhT
27%
"Would you suggest that you dont stop beliving? Why don't you cast around? Okay, tax up one he's got a oooh, i've started to belive as well Henry cause he's gonna taken flamie oooh * stop blowing my mind! This is gonna be absolutely madness." Fallen
25%
"Just be *,he's got three from behind, can he find the fourth, he gets the fourth, and he's on for the ace and he gets it, whaaaat?" Hiko
17%
"Here comes the body as well * just put one down can he find a second you better belive he can not another shortly, * stop it *! Shots down four and the dream is reality bouts on five! Mousesports are no more!" Guardian
11%
" * is a genius, three kills, that is so beutifull, he even gets a fourth, go for ace and he get!" Xyp9x
5%
" * now in one vs four, oh my goodness, oh * with three and the bomb is been planted, he goes back in for seconds misses a couple shots, but he's wasting valuable time Edward is gonna push him, * gets a clutch! Are you serious?" Kjaerbye
3%
No matching quizzes found
Score Distribution
Percent of People with Each Score
Percentile by Number Answered
Your Score History
You have not taken this quiz